<?xml version="1.0" encoding="UTF-8"?><?xml-stylesheet type="text/xsl" href="static/style.xsl"?><OAI-PMH xmlns="http://www.openarchives.org/OAI/2.0/" xmlns:xsi="http://www.w3.org/2001/XMLSchema-instance" xsi:schemaLocation="http://www.openarchives.org/OAI/2.0/ http://www.openarchives.org/OAI/2.0/OAI-PMH.xsd"><responseDate>2026-06-04T12:48:06Z</responseDate><request verb="GetRecord" identifier="oai:riuma.uma.es:10630/25100" metadataPrefix="marc">https://riuma.uma.es/rest/oai/request</request><GetRecord><record><header><identifier>oai:riuma.uma.es:10630/25100</identifier><datestamp>2026-02-03T10:21:59Z</datestamp><setSpec>com_10630_1685</setSpec><setSpec>col_10630_38055</setSpec></header><metadata><record xmlns="http://www.loc.gov/MARC21/slim" xmlns:dcterms="http://purl.org/dc/terms/" xmlns:doc="http://www.lyncode.com/xoai" xmlns:xsi="http://www.w3.org/2001/XMLSchema-instance" xsi:schemaLocation="http://www.loc.gov/MARC21/slim http://www.loc.gov/standards/marcxml/schema/MARC21slim.xsd">
   <leader>00925njm 22002777a 4500</leader>
   <datafield ind2=" " ind1=" " tag="042">
      <subfield code="a">dc</subfield>
   </datafield>
   <datafield ind2=" " ind1=" " tag="720">
      <subfield code="a">Hijano Pérez, Iván</subfield>
      <subfield code="e">author</subfield>
   </datafield>
   <datafield ind2=" " ind1=" " tag="260">
      <subfield code="c">2022-06</subfield>
   </datafield>
   <datafield ind2=" " ind1=" " tag="520">
      <subfield code="a">El desarrollo de este proyecto está enfocado en la creación y el desarrollo de una aplicación móvil para la Asociación “Grupo Scout 415 Los Olivos”. Se trata de una organización civil de carácter educativo para jóvenes y niños/as, siendo socio de Scouts de Andalucía y que se adquiere a la Constitución Mundial Scout. Actualmente cuenta con 180 socios, y el fin del Grupo es la formación integral a través del método Escultismo, potenciando la responsabilidad, la libertad, la concienciación en temas sociales y el servicio a los demás sin ningún tipo de discriminación. “Scout Connections” es una aplicación de carácter social para dispositivos móviles, la cual permite la comunicación e intercambio de información entre los miembros de la comunidad de la Asociación “Grupo Scout 415 Los Olivos”. Cada miembro puede registrarse o iniciar/cerrar sesión en ella pudiendo adicionalmente configurar su perfil, el cual también será visible para los demás miembros. El software&#xd;
dispone de publicaciones de post al estilo red social con “me gusta” y comentarios. Incluye también la posibilidad de mantener conversaciones entre usuarios de la organización, además de la creación de grupos para compartir información de manera más sencilla. Asimismo, permite señalar futuros eventos de la asociación en un calendario que estará a disposición de todos los integrantes. Para su desarrollo, se ha utilizado Android Studio para el framework, Kotlin como lenguaje y Firebase para la base de datos. La metodología usada durante el proyecto es SCRUM, una metodología ágil utilizada profesionalmente basada en un ciclo de vida iterativo e incremental, con lo que se consiguen revisiones periódicas y posibles evoluciones de los requisitos y funcionalidades.</subfield>
   </datafield>
   <datafield ind1="8" ind2=" " tag="024">
      <subfield code="a">https://hdl.handle.net/10630/25100</subfield>
   </datafield>
   <datafield tag="653" ind2=" " ind1=" ">
      <subfield code="a">Scouts</subfield>
   </datafield>
   <datafield tag="653" ind2=" " ind1=" ">
      <subfield code="a">Aplicaciones informáticas</subfield>
   </datafield>
   <datafield tag="653" ind2=" " ind1=" ">
      <subfield code="a">Informática - Trabajos Fin de Grado</subfield>
   </datafield>
   <datafield tag="653" ind2=" " ind1=" ">
      <subfield code="a">Grado en Ingeniería del Software - Trabajos Fin de Grado</subfield>
   </datafield>
   <datafield ind2="0" ind1="0" tag="245">
      <subfield code="a">Scout Connections</subfield>
   </datafield>
</record>
</metadata></record></GetRecord></OAI-PMH>